| 000 | 00558nam a2200205Ia 4500 | ||
|---|---|---|---|
| 008 | 180207s9999 xx 000 0 und d | ||
| 020 | _a9789715113175 | ||
| 050 | _bB194 1993 | ||
| 100 | _aBalmes, A. C. | ||
| 245 | _aAng paglalakbay ni Butiki = | ||
| 245 | _bButirik's journey / | ||
| 245 | _cby A. C. Balmes ; paintings by Kora D. Albano. | ||
| 260 | _aMandaluyong City : | ||
| 260 | _bOMF Literature Inc., | ||
| 260 | _c1993 | ||
| 300 | _a32 pages : | ||
| 300 | _bcolor illustration ; | ||
| 300 | _c23cm. | ||
| 440 | _aHiyas christian values. | ||
| 999 |
_c355802 _d355802 |
||